[Event "Mexican op 67th"]
[Site "Chihuahua City"]
[Date "2022.04.16"]
[Round "8"]
[White "Palma Villanueva, Miguel Ta"]
[Black "Davalos Prieto, Abel"]
[Result "1/2-1/2"]
[WhiteElo "2157"]
[BlackElo "2060"]
[PlyCount "141"]
[EventDate "2022.04.12"]
[EventType "swiss"]
[EventRounds "9"]
[EventCountry "MEX"]
[SourceTitle "CBM 207 Extra"]
[Source "ChessBase"]
[SourceDate "2022.05.31"]
[SourceVersion "1"]
[SourceVersionDate "2022.05.31"]
[SourceQuality "1"]

1. e4 c5 2. Nf3 Nc6 3. Bb5 g6 4. 0-0 Bg7 5. c3 Nf6 6. Re1 0-0 7. d4 cxd4 8. cxd4 a6 9. Bf1 d6 10. h3 Bd7 11. Nc3 b5 12. Bg5 h6 13. Bd2 Kh7 14. Bd3 Ne8 15. Be3 e6 16. e5 b4 17. Na4 dxe5 18. dxe5 Nxe5 19. Nxe5 Bxa4 20. Qxa4 Bxe5 21. Qxb4 Bg7 22. Rad1 Qb8 23. Qxb8 Rxb8 24. b3 Bc3 25. Re2 a5 26. Rc2 Bb4 27. Ba7 Ra8 28. Bc5 Bxc5 29. Rxc5 Nf6 30. a4 Rfc8 31. Rdc1 Rxc5 32. Rxc5 Ra7 33. Kf1 Kg7 34. Ke2 Nd7 35. Rb5 h5 36. Ke3 Kf6 37. Ke4 Ke7 38. g4 hxg4 39. hxg4 Kd6 40. g5 Nc5+ 41. Kd4 e5+ 42. Kc3 Ne6 43. Bc4 Nxg5 44. Rd5+ Ke7 45. Rxe5+ Kf6 46. Re3 Rb7 47. f4 Nh7 48. Re5 Ra7 49. Rb5 Ke7 50. Kd4 Kd6 51. Rb6+ Ke7 52. Kc5 Nf6 53. Rc6 Nh5 54. Kb6 Rd7 55. Kxa5 Nxf4 56. Kb6 g5 57. Rc8 g4 58. Rg8 Ng6 59. Bf1 g3 60. a5 Rd1 61. Bg2 Rd2 62. a6 Rxg2 63. a7 Ra2 64. a8Q Rxa8 65. Rxa8 g2 66. Ra1 Nh4 67. Kc7 f5 68. b4 f4 69. b5 f3 70. b6 f2 71. b7 1/2-1/2

[Event "World Cup U18 Prel"]
[Site "Tornelo INT"]
[Date "2021.08.18"]
[Round "6"]
[White "Palma Villanueva, Miguel Ta"]
[Black "Fischer, Daniel1111"]
[Result "0-1"]
[WhiteElo "2070"]
[BlackElo "2296"]
[PlyCount "70"]
[EventDate "2021.08.16"]
[EventType "swiss (rapid)"]
[EventRounds "10"]
[EventCountry "NET"]
[SourceTitle "CBM 203 Extra"]
[Source "ChessBase"]
[SourceDate "2021.09.30"]
[SourceVersion "1"]
[SourceVersionDate "2021.09.30"]
[SourceQuality "1"]

1. e4 e5 2. Nf3 Nc6 3. Bb5 a6 4. Ba4 Nf6 5. d3 b5 6. Bb3 Bc5 7. 0-0 d6 8. a3 h6 9. h3 g5 10. Nh2 g4 11. Nxg4 Nxg4 12. hxg4 Rg8 13. g5 hxg5 14. Qh5 Qf6 15. Nc3 Rh8 16. Qxg5 Qxg5 17. Bxg5 Nd4 18. Be3 Bg4 19. Rfe1 Nf3+ 20. Kf1 Nxe1 21. f3 Bxe3 22. Nd5 Bb6 23. Nf6+ Ke7 24. Nxg4 Nxc2 25. Bxc2 Rh1+ 26. Ke2 Rxa1 27. Nh6 Ra2 28. Nf5+ Kf6 29. Kd1 Rxb2 30. Kc1 Rxc2+ 31. Kxc2 Rh8 32. g4 Kg5 33. Ne7 Kf4 34. Nd5+ Kxf3 35. g5 Kg4 0-1

[Event "Mexican op 66th"]
[Site "Villahermosa"]
[Date "2021.08.08"]
[Round "8"]
[White "Palma Villanueva, Miguel Ta"]
[Black "Benitez Lozano, Javier"]
[Result "1/2-1/2"]
[WhiteElo "2070"]
[BlackElo "2287"]
[PlyCount "147"]
[EventDate "2021.08.04"]
[EventType "swiss"]
[EventRounds "8"]
[EventCountry "MEX"]
[SourceTitle "CBM 203 Extra"]
[Source "ChessBase"]
[SourceDate "2021.09.30"]
[SourceVersion "1"]
[SourceVersionDate "2021.09.30"]
[SourceQuality "1"]

1. e4 e5 2. Nf3 Nc6 3. Bb5 a6 4. Ba4 Nf6 5. d3 d6 6. c3 g6 7. 0-0 Bg7 8. Re1 0-0 9. Nbd2 Nd7 10. Bc2 Nc5 11. Nf1 Ne6 12. Bb3 Kh8 13. Ng3 Qe8 14. h3 Bd7 15. Bd5 Rb8 16. Bd2 Ne7 17. Bb3 c5 18. a4 Rc8 19. Qe2 Rc7 20. a5 Nc6 21. Bd5 Qd8 22. Ra3 Rc8 23. Rea1 Qc7 24. Qd1 Rce8 25. Qc1 Qb8 26. Bh6 Bxh6 27. Qxh6 f6 28. Qd2 Nf4 29. Bxc6 Bxc6 30. Ne2 Nxe2+ 31. Qxe2 f5 32. Nd2 Qd8 33. c4 Qh4 34. f3 h5 35. Qe3 f4 36. Qf2 Qd8 37. b4 cxb4 38. Rb3 g5 39. Kf1 g4 40. hxg4 hxg4 41. fxg4 Rg8 42. Qf3 Bd7 43. Rxb4 Bxg4 44. Qf2 Rg7 45. Rab1 Rh7 46. Kg1 Ree7 47. Qa7 Qc8 48. Qb6 Qe6 49. c5 Rd7 50. cxd6 f3 51. Qc5 Qf6 52. Nxf3 Bxf3 53. Rxb7 Bg4 54. Rxd7 Rxd7 55. Rb6 Rf7 56. Rb1 Kh7 57. Qb6 Kg6 58. Qe3 Kh5 59. Qg3 Kg5 60. Qe3+ Kh4 61. Qe1+ Kh5 62. Rb6 Rd7 63. Rxa6 Rxd6 64. Rxd6 Qxd6 65. Qe3 Qa3 66. Qd2 Qc5+ 67. Qf2 Qxa5 68. Qf7+ Kh6 69. Qf6+ Kh5 70. Qh8+ Kg5 71. Qg7+ Kh5 72. Qh7+ Kg5 73. Qg7+ Kh5 74. Qh7+ 1/2-1/2

[Event "Nizami Ganjavi 880 years U17"]
[Site "Tornelo INT"]
[Date "2021.04.04"]
[Round "8.8"]
[White "Liu, Casper Yukun"]
[Black "Palma Villanueva, Miguel Ta"]
[Result "0-1"]
[WhiteElo "2127"]
[BlackElo "2070"]
[PlyCount "130"]
[EventDate "2021.04.02"]
[EventType "team-swiss (blitz)"]
[EventRounds "9"]
[EventCountry "AZE"]
[SourceTitle "EXT 2023"]
[Source "ChessBase"]
[SourceDate "2022.10.05"]
[SourceVersion "1"]
[SourceVersionDate "2022.10.05"]
[SourceQuality "1"]
[WhiteTeam "Denmark"]
[BlackTeam "Mexico"]
[WhiteTeamCountry "DEN"]
[BlackTeamCountry "MEX"]

1. d4 Nf6 2. Bf4 c5 3. e3 Qb6 4. Na3 d6 5. Nc4 Qc7 6. a4 g6 7. c3 Bg7 8. h3 0-0 9. Nf3 Nbd7 10. Be2 b6 11. 0-0 Bb7 12. Qb3 Rac8 13. Rfd1 Bxf3 14. gxf3 Nh5 15. Bh2 cxd4 16. cxd4 Kh8 17. Rac1 Qb8 18. Na3 Ndf6 19. Ba6 Rxc1 20. Rxc1 Qa8 21. Kg2 Qd5 22. Qxd5 Nxd5 23. Bb7 Nb4 24. Rc4 a5 25. Rc7 e5 26. dxe5 dxe5 27. Nc4 Nd3 28. Be4 Nc5 29. Nxe5 Nxe4 30. fxe4 Kg8 31. Nd7 Rd8 32. e5 Bf8 33. Nxb6 Rb8 34. Nc4 Rb4 35. Nxa5 Rxb2 36. Nc4 Ra2 37. a5 Ng7 38. Rc8 Ne6 39. Ra8 Kg7 40. a6 Bc5 41. Nd6 Bxe3 42. Bg3 Bc5 43. Nb5 g5 44. a7 h5 45. h4 g4 46. Rc8 Bxa7 47. Ra8 Ra5 48. Nxa7 Nd4 49. Rd8 Nf3 50. Nc6 Ra1 51. Bh2 Nxh4+ 52. Kg3 Ng6 53. Rd7 Ra3+ 54. Kg2 Nh4+ 55. Kf1 Nf3 56. Kg2 Nh4+ 57. Kf1 Ra1+ 58. Ke2 Nf3 59. e6 Re1+ 60. Kd3 Rxe6 61. Bd6 h4 62. Nd8 Rf6 63. Bb4 Ne5+ 64. Ke4 Nxd7 65. Bc3 h3 0-1

[Event "Nizami Ganjavi 880 years U17"]
[Site "Tornelo INT"]
[Date "2021.04.04"]
[Round "7.5"]
[White "Manafov, Vugar Gulam"]
[Black "Palma Villanueva, Miguel Ta"]
[Result "1-0"]
[WhiteElo "2236"]
[BlackElo "2070"]
[PlyCount "109"]
[EventDate "2021.04.02"]
[EventType "team-swiss (blitz)"]
[EventRounds "9"]
[EventCountry "AZE"]
[SourceTitle "EXT 2023"]
[Source "ChessBase"]
[SourceDate "2022.10.05"]
[SourceVersion "1"]
[SourceVersionDate "2022.10.05"]
[SourceQuality "1"]
[WhiteTeam "Azerbaijan III"]
[BlackTeam "Mexico"]
[WhiteTeamCountry "AZE"]
[BlackTeamCountry "MEX"]

1. Nf3 Nf6 2. g3 g6 3. Bg2 Bg7 4. 0-0 0-0 5. d3 d6 6. Nc3 c5 7. e4 Nc6 8. h3 Rb8 9. Nd2 b5 10. f4 Bd7 11. g4 Qc8 12. f5 Ne5 13. Nf3 Nxf3+ 14. Qxf3 b4 15. Ne2 Bc6 16. Ng3 Nd7 17. Qe2 Be5 18. Qe1 Qc7 19. Ne2 Bg7 20. Qh4 Ne5 21. Bg5 f6 22. Be3 g5 23. Qf2 Be8 24. Rad1 Bf7 25. d4 cxd4 26. Nxd4 Rfc8 27. Rfe1 a5 28. Bf1 Qb7 29. Bg2 a4 30. Ne6 Bxe6 31. fxe6 Qc6 32. Bd4 Qxc2 33. Bxe5 Qxf2+ 34. Kxf2 fxe5 35. Rc1 Bf8 36. Bf1 Kg7 37. Bc4 Rc5 38. Bd5 Rbc8 39. Rxc5 Rxc5 40. Ke3 a3 41. bxa3 Rc3+ 42. Kd2 Rxa3 43. Re3 Ra5 44. Kc2 h5 45. Kb2 Kg6 46. Rb3 Bg7 47. Rxb4 Rc5 48. a4 hxg4 49. hxg4 Rc8 50. a5 Rh8 51. a6 Rh2+ 52. Ka3 Rh3+ 53. Bb3 Rh8 54. a7 Ra8 55. Ra4 1-0

[Event "Caissa Guatemala Online"]
[Site "Chess.com INT"]
[Date "2021.01.23"]
[Round "5"]
[White "Mitkov, Nikola"]
[Black "Palma Villanueva, Miguel Ta"]
[Result "1-0"]
[WhiteElo "2518"]
[BlackElo "2070"]
[PlyCount "53"]
[EventDate "2021.01.23"]
[EventType "swiss (blitz)"]
[EventRounds "7"]
[EventCountry "GUA"]
[SourceTitle "CBM 200 Extra"]
[Source "ChessBase"]
[SourceDate "2021.03.31"]
[SourceVersion "1"]
[SourceVersionDate "2021.03.31"]
[SourceQuality "1"]

1. e4 d6 2. Nc3 Nf6 3. Bc4 g6 4. d3 Bg7 5. f4 0-0 6. Nf3 c6 7. Bb3 Na6 8. 0-0 Nc5 9. Qe1 a5 10. d4 Nxb3 11. axb3 Bg4 12. Nh4 Nd7 13. Be3 e5 14. dxe5 dxe5 15. f5 Bf6 16. Qg3 Bh5 17. Nf3 Be7 18. Rad1 Qc7 19. Bg5 Rfe8 20. Bxe7 Rxe7 21. Qh4 Bxf3 22. Qxe7 Bxd1 23. fxg6 fxg6 24. Rf7 Qb6+ 25. Kh1 Nf8 26. Rg7+ Kh8 27. Qf7 1-0

[Event "Caissa Guatemala Online"]
[Site "Chess.com INT"]
[Date "2021.01.23"]
[Round "6"]
[White "Palma Villanueva, Miguel Ta"]
[Black "Galvez Dastin, Eduardo Francisco"]
[Result "0-1"]
[WhiteElo "2070"]
[BlackElo "2209"]
[PlyCount "66"]
[EventDate "2021.01.23"]
[EventType "swiss (blitz)"]
[EventRounds "7"]
[EventCountry "GUA"]
[SourceTitle "CBM 200 Extra"]
[Source "ChessBase"]
[SourceDate "2021.03.31"]
[SourceVersion "1"]
[SourceVersionDate "2021.03.31"]
[SourceQuality "1"]

1. e4 c6 2. d4 d5 3. exd5 cxd5 4. c4 Nf6 5. Nc3 Nc6 6. Nf3 Bg4 7. cxd5 Nxd5 8. Be2 e6 9. 0-0 Bb4 10. Ne4 0-0 11. h3 Bxf3 12. Bxf3 Qb6 13. Be3 Nxe3 14. fxe3 e5 15. Ng5 Be7 16. Nxf7 Rxf7 17. Bd5 Raf8 18. Rxf7 Rxf7 19. Qh5 Nd8 20. Rf1 Bf6 21. Kh1 exd4 22. e4 g6 23. Qg4 Kg7 24. Bxf7 Nxf7 25. Qf4 Qd6 26. Qd2 Qe5 27. Qf2 Nd6 28. Qf4 Nxe4 29. Qxe5 Bxe5 30. Re1 d3 31. Kg1 Bd4+ 32. Kh2 d2 33. Rd1 Be3 0-1

[Event "Pan American-ch U14"]
[Site "Santiago de Chile"]
[Date "2018.07.23"]
[Round "3"]
[White "Palma Villanueva, Miguel Ta"]
[Black "Labussiere, Yago"]
[Result "1/2-1/2"]
[WhiteElo "1529"]
[BlackElo "1890"]
[PlyCount "65"]
[EventDate "2018.07.22"]
[EventType "swiss"]
[EventRounds "9"]
[EventCountry "CHI"]
[SourceTitle "EXT 2022"]
[Source "ChessBase"]
[SourceDate "2021.10.06"]
[SourceVersion "1"]
[SourceVersionDate "2021.10.06"]
[SourceQuality "1"]

1. e4 c5 2. Nf3 Nc6 3. Bb5 g6 4. 0-0 Bg7 5. Bxc6 bxc6 6. Re1 Nh6 7. c3 0-0 8. d4 cxd4 9. cxd4 d5 10. exd5 cxd5 11. Nc3 Ng4 12. h3 Nf6 13. Bf4 Bd7 14. Ne5 e6 15. Qd2 Qb6 16. Rac1 Rfc8 17. Rc2 Be8 18. Rec1 Qb7 19. Bh2 Nd7 20. Nxd7 Bxd7 21. Bf4 Rc6 22. Ne2 Rac8 23. Rxc6 Rxc6 24. Rxc6 Bxc6 25. Bd6 f6 26. f4 Kf7 27. Kf2 Bh6 28. Qb4 Qxb4 29. Bxb4 g5 30. fxg5 Bxg5 31. Bc5 h6 32. Bd6 Bh4+ 33. Kf3 1/2-1/2